|
|
|
|
| LEADER |
00000nam0a2200000 4500 |
| 001 |
211164 |
| 005 |
20231101225648.0 |
| 035 |
|
|
|a (RuTPU)RU\TPU\book\230647
|
| 090 |
|
|
|a 211164
|
| 100 |
|
|
|a 20120311d2011 m y0rusy50 ca
|
| 101 |
0 |
|
|a rus
|a eng
|
| 102 |
|
|
|a RU
|
| 105 |
|
|
|a y j 001zy
|
| 200 |
1 |
|
|a Лексикология английского языка
|d English Lexicology
|e учебное пособие
|f Н. И. Маругина
|g Национальный исследовательский Томский политехнический университет (ТПУ)
|
| 210 |
|
|
|a Томск
|c Изд-во ТПУ
|d 2011
|
| 215 |
|
|
|a 119 с.
|
| 320 |
|
|
|a Библиогр.: с. 117-119.
|
| 320 |
|
|
|a Глоссарий: с. 111-116.
|
| 330 |
|
|
|a В пособии представлен теоретический материал, характеризующий основные принципы и закономерности развития словарного состава английского языка. Предназначено для студентов, обучающихся по специальностям 035701 "Перевод и переводоведение"и 035700 "Лингвистика". Может быть использовано в рамках проведения лекционных и семинарских занятий по лексикологии английского языка, а также для самостоятельной работы студентов.
|
| 510 |
1 |
|
|a English Lexicology
|z eng
|
| 606 |
1 |
|
|a Английский язык
|x Учебные руководства и пособия для высшей школы. Лексикология
|2 stltpush
|3 (RuTPU)RU\TPU\subj\68547
|9 83777
|
| 610 |
1 |
|
|a лексика
|
| 610 |
1 |
|
|a словарный запас
|
| 610 |
1 |
|
|a упражнения
|
| 610 |
1 |
|
|a тексты
|
| 610 |
1 |
|
|a словообразование
|
| 610 |
1 |
|
|a труды учёных ТПУ
|
| 686 |
|
|
|a Ш143.21-923.3
|v LBC/SL-A
|2 rubbk
|
| 700 |
|
1 |
|a Маругина
|b Н. И.
|c лингвист
|c доцент Томского политехнического университета
|f 1972-
|g Надежда Ивановна
|2 stltpush
|3 (RuTPU)RU\TPU\pers\29166
|
| 712 |
0 |
2 |
|a Национальный исследовательский Томский политехнический университет (ТПУ)
|c (2009- )
|2 stltpush
|3 (RuTPU)RU\TPU\col\15902
|
| 801 |
|
1 |
|a RU
|b 63413507
|c 20120311
|
| 801 |
|
2 |
|a RU
|b 63413507
|c 20120319
|g RCR
|
| 942 |
|
|
|c BK
|